[Event "Swiss Queens Wed #42"]
[Site "FIDE Online Arena INT"]
[Date "2024.11.13"]
[Round "11"]
[White "Cori Tello, Deysi Estella"]
[Black "Buksa, Nataliya"]
[Result "0-1"]
[WhiteElo "2353"]
[BlackElo "2400"]
[PlyCount "144"]
[EventDate "2024.11.13"]
[EventType "swiss (blitz)"]
[EventRounds "11"]
[EventCountry "NET"]
[SourceTitle "CB47_2024"]
[SourceDate "2024.11.20"]
[SourceVersion "1"]
[SourceVersionDate "2024.11.20"]
[SourceQuality "1"]

1. Nf3 d5 2. g3 e6 3. Bg2 Nf6 4. 0-0 Be7 5. b3 0-0 6. Bb2 b6 7. d3 Bb7 8. Nbd2 Nbd7 9. Re1 b5 10. a4 a6 11. c4 c5 12. cxd5 Nxd5 13. Ne4 h6 14. h4 N7f6 15. Nfd2 Qb6 16. Nxf6+ Bxf6 17. Bxf6 Nxf6 18. Bxb7 Qxb7 19. Qc2 Rac8 20. Qc3 Rfd8 21. Qa5 Rd4 22. Rec1 Nd5 23. axb5 axb5 24. Ne4 Nf6 25. Nxc5 Qd5 26. Qxb5 Nh5 27. e4 Qe5 28. Kg2 Nf4+ 29. gxf4 Qxf4 30. Rc4 Qg4+ 31. Kf1 Qh3+ 32. Ke2 Qg4+ 33. Ke3 Rxc4 34. bxc4 Qxh4 35. Nd7 Qh3+ 36. f3 Qh2 37. c5 g5 38. c6 Qf4+ 39. Kd4 f6 40. Qc5 Qg3 41. Qe7 Qf2+ 42. Kc4 Qc2+ 43. Kb5 Qb2+ 44. Kc5 Qc3+ 45. Kb5 Qxc6+ 46. Kb4 Qc3+ 47. Kb5 Qb2+ 48. Qb4 Qxa1 49. Nb6 Rf8 50. Qc4 Qe5+ 51. Kb4 Rb8 52. Qc6 Qd4+ 53. Ka5 Qxb6+ 54. Qxb6 Rxb6 55. Kxb6 h5 56. Kc5 h4 57. Kd6 Kf7 58. d4 h3 59. d5 exd5 60. exd5 h2 61. Kc7 h1Q 62. d6 Qxf3 63. d7 Qd3 64. d8Q Qxd8+ 65. Kxd8 g4 66. Kd7 g3 67. Kd6 g2 68. Kd5 g1Q 69. Ke4 Qg5 70. Kf3 Ke6 71. Ke4 Qg4+ 72. Ke3 Ke5 0-1

[Event "Swiss Queens Wed #42"]
[Site "FIDE Online Arena INT"]
[Date "2024.11.13"]
[Round "3"]
[White "Sarquis, Maria Belen"]
[Black "Cori Tello, Deysi Estella"]
[Result "1-0"]
[WhiteElo "2156"]
[BlackElo "2353"]
[PlyCount "155"]
[EventDate "2024.11.13"]
[EventType "swiss (blitz)"]
[EventRounds "11"]
[EventCountry "NET"]
[SourceTitle "CB47_2024"]
[SourceDate "2024.11.20"]
[SourceVersion "1"]
[SourceVersionDate "2024.11.20"]
[SourceQuality "1"]

1. e4 e6 2. d3 d5 3. Nd2 Ne7 4. Ngf3 a5 5. a4 b6 6. g3 Nbc6 7. Bg2 dxe4 8. Nxe4 Bb7 9. 0-0 Nf5 10. Re1 Be7 11. c3 0-0 12. d4 h6 13. Bf4 Qd7 14. Qc2 Rad8 15. Rad1 Qc8 16. Ned2 Bd6 17. Ne5 Nxe5 18. Bxe5 Bxg2 19. Kxg2 Be7 20. Qe4 c5 21. Nf3 cxd4 22. Nxd4 Nxd4 23. Rxd4 Rxd4 24. Bxd4 Bc5 25. Qe5 Qc6+ 26. Kg1 Bxd4 27. Qxd4 b5 28. axb5 Qxb5 29. Qd2 Rb8 30. Re2 a4 31. Qe3 Qf5 32. Qd2 Qf3 33. Re3 Qb7 34. Re2 Qf3 35. Re3 Qf5 36. Re1 h5 37. h4 Qb5 38. Re2 Rb7 39. Qd8+ Kh7 40. Qd2 Rd7 41. Qc2+ g6 42. Re4 Qf5 43. Qxa4 Rb7 44. Rb4 Re7 45. Qd1 e5 46. Qe2 e4 47. Rd4 Kg7 48. Qe3 Re6 49. Kg2 Rf6 50. Rd2 Re6 51. b4 Qb5 52. Qd4+ Kh7 53. Qd5 Qe8 54. Re2 Re5 55. Qd4 Re6 56. Re3 Qc6 57. c4 Qb7 58. b5 Qe7 59. c5 Re5 60. Rc3 Rf5 61. b6 Qb7 62. Re3 Rf3 63. Qxe4 Qxe4 64. Rxe4 Rb3 65. Re7 Kg7 66. b7 Kf6 67. Rc7 Ke6 68. c6 f5 69. Rc8 Kd6 70. b8Q+ Rxb8 71. Rxb8 Kxc6 72. Rg8 Kd5 73. Rxg6 Ke4 74. Rg5 f4 75. Rxh5 f3+ 76. Kf1 Kd3 77. Re5 Kd4 78. Re8 1-0

[Event "Olympiad Women-45"]
[Site "Budapest"]
[Date "2024.09.19"]
[Round "8.1"]
[White "Cori Tello, Deysi Estella"]
[Black "Injac, Teodora"]
[Result "0-1"]
[WhiteElo "2366"]
[BlackElo "2425"]
[PlyCount "62"]
[EventDate "2024.09.11"]
[EventType "team-swiss"]
[EventRounds "11"]
[EventCountry "HUN"]
[SourceTitle "EXT 2025"]
[Source "ChessBase"]
[SourceDate "2024.10.14"]
[SourceVersion "1"]
[SourceVersionDate "2024.10.14"]
[SourceQuality "1"]
[WhiteTeam "Peru (W)"]
[BlackTeam "Serbia (W)"]
[WhiteTeamCountry "PER"]
[BlackTeamCountry "SRB"]

1. Nf3 Nf6 2. b3 g6 3. Bb2 Bg7 4. g3 d6 5. d4 b5 6. Bg2 Bb7 7. 0-0 Nbd7 8. a4 a6 9. Qd3 b4 10. a5 0-0 11. Nbd2 c5 12. dxc5 Nxc5 13. Qc4 Rb8 14. Rfd1 Qc7 15. Qh4 h6 16. Bxf6 exf6 17. Nc4 Ne4 18. Nd4 Rfe8 19. Rd3 f5 20. Re1 Nc5 21. Bxb7 Nxd3 22. cxd3 Rxb7 23. Nf3 d5 24. Nb6 Qc5 25. Na4 Qxa5 26. Rc1 Rc7 27. Qf4 Rxc1+ 28. Qxc1 Rxe2 29. Qc8+ Kh7 30. Kg2 Qb5 31. d4 Qd3 0-1

[Event "Olympiad Women-45"]
[Site "Budapest"]
[Date "2024.09.14"]
[Round "4.27"]
[White "Cori Tello, Deysi Estella"]
[Black "Nassr, Lina"]
[Result "1-0"]
[WhiteElo "2366"]
[BlackElo "2010"]
[PlyCount "95"]
[EventDate "2024.09.11"]
[EventType "team-swiss"]
[EventRounds "11"]
[EventCountry "HUN"]
[SourceTitle "EXT 2025"]
[Source "ChessBase"]
[SourceDate "2024.10.14"]
[SourceVersion "1"]
[SourceVersionDate "2024.10.14"]
[SourceQuality "1"]
[WhiteTeam "Peru (W)"]
[BlackTeam "Algeria (W)"]
[WhiteTeamCountry "PER"]
[BlackTeamCountry "ALG"]

1. Nf3 d5 2. g3 Nf6 3. Bg2 e6 4. 0-0 Be7 5. c4 0-0 6. b3 c5 7. Bb2 Nc6 8. cxd5 Nxd5 9. Nc3 b6 10. d4 Bb7 11. dxc5 Nxc3 12. Bxc3 Bxc5 13. Qc1 Qe7 14. a3 a5 15. Qb2 f6 16. Nd2 Rfd8 17. e3 b5 18. Ne4 b4 19. axb4 axb4 20. Bxf6 gxf6 21. Rac1 Bd6 22. Nxf6+ Kf7 23. Ng4 Qg5 24. Qe2 h5 25. Bxc6 Bxc6 26. Nh6+ Qxh6 27. Rxc6 Rac8 28. Qf3+ Kg8 29. Rd1 Rxc6 30. Qxc6 e5 31. Qc4+ Kf8 32. Rd5 Qf6 33. Qe4 Kg7 34. Kg2 Rf8 35. f4 Re8 36. Qd3 e4 37. Qb5 Rb8 38. Qd7+ Be7 39. Re5 Kf7 40. Rf5 Rd8 41. Rxf6+ Kxf6 42. Qc6+ Kf7 43. Qxe4 Rd2+ 44. Kh3 Rb2 45. Qh7+ Ke6 46. Qxh5 Rd2 47. e4 Bf6 48. Qf5+ 1-0

[Event "Olympiad Women-45"]
[Site "Budapest"]
[Date "2024.09.12"]
[Round "2.39"]
[White "Cori Tello, Deysi Estella"]
[Black "Smith, Olivia"]
[Result "1-0"]
[WhiteElo "2366"]
[BlackElo "2087"]
[PlyCount "81"]
[EventDate "2024.09.11"]
[EventType "team-swiss"]
[EventRounds "11"]
[EventCountry "HUN"]
[SourceTitle "EXT 2025"]
[Source "ChessBase"]
[SourceDate "2024.10.14"]
[SourceVersion "1"]
[SourceVersionDate "2024.10.14"]
[SourceQuality "1"]
[WhiteTeam "Peru (W)"]
[BlackTeam "Wales (W)"]
[WhiteTeamCountry "PER"]
[BlackTeamCountry "WLS"]

1. Nf3 Nf6 2. g3 g6 3. Bg2 Bg7 4. 0-0 0-0 5. d4 d6 6. a4 Nc6 7. d5 Nb4 8. Nc3 a5 9. Bg5 h6 10. Be3 Bf5 11. Nd4 Bd7 12. h3 c6 13. dxc6 bxc6 14. Qd2 Kh7 15. f4 Nfd5 16. Nxd5 Nxd5 17. Bf2 e5 18. Nxc6 Bxc6 19. Bxd5 Bxd5 20. Qxd5 exf4 21. gxf4 Qc8 22. Qd3 Bxb2 23. Rab1 Bc3 24. Rb5 Bb4 25. f5 Qc6 26. Rb6 Qc7 27. Qd5 Rab8 28. Rc6 Qe7 29. Bd4 Bc5 30. Bxc5 dxc5 31. fxg6+ fxg6 32. Rxf8 Rxf8 33. Qxc5 Qxc5+ 34. Rxc5 Rf4 35. Rxa5 Rc4 36. Ra7+ Kg8 37. a5 Rxc2 38. Kf2 Rc3 39. a6 Rxh3 40. Rb7 Ra3 41. a7 1-0

[Event "Olympiad Women-45"]
[Site "Budapest"]
[Date "2024.09.11"]
[Round "1.39"]
[White "Lieketseng, Ngatane"]
[Black "Cori Tello, Deysi Estella"]
[Result "0-1"]
[WhiteElo "1651"]
[BlackElo "2366"]
[PlyCount "84"]
[EventDate "2024.09.11"]
[EventType "team-swiss"]
[EventRounds "11"]
[EventCountry "HUN"]
[SourceTitle "EXT 2025"]
[Source "ChessBase"]
[SourceDate "2024.10.14"]
[SourceVersion "1"]
[SourceVersionDate "2024.10.14"]
[SourceQuality "1"]
[WhiteTeam "Lesotho (W)"]
[BlackTeam "Peru (W)"]
[WhiteTeamCountry "LES"]
[BlackTeamCountry "PER"]

1. e4 e6 2. d4 d5 3. exd5 exd5 4. Nf3 Bd6 5. Bd3 Bg4 6. Be3 Ne7 7. Nbd2 Nf5 8. 0-0 0-0 9. c3 Nxe3 10. fxe3 c5 11. Qc2 g6 12. b3 Nc6 13. Rae1 Rc8 14. Qb2 Re8 15. Kh1 Rc7 16. e4 cxd4 17. cxd4 Nb4 18. Bb1 Bxf3 19. Nxf3 dxe4 20. Rxe4 Rxe4 21. Bxe4 Re7 22. Bb1 Nd5 23. Qf2 Ne3 24. Re1 Qe8 25. h3 h5 26. Bd3 Kg7 27. a4 a6 28. Rc1 Bf4 29. Re1 Qd7 30. Qb2 Qd5 31. Kg1 Re6 32. Kf2 g5 33. g3 g4 34. hxg4 Nxg4+ 35. Kg2 Rxe1 36. gxf4 Ne3+ 37. Kg3 h4+ 38. Nxh4 Rg1+ 39. Kf2 Rg2+ 40. Kxe3 Rxb2 41. Nf5+ Kf8 42. Bc4 Qxf5 0-1

[Event "Speed Chess (Women) Play In 4"]
[Site "Chess.com INT"]
[Date "2024.08.16"]
[Round "4"]
[White "Cori Tello, Deysi Estella"]
[Black "Campos, Maria Jose"]
[Result "1-0"]
[WhiteElo "2367"]
[BlackElo "2281"]
[PlyCount "85"]
[EventDate "2024.08.16"]
[EventType "swiss (blitz)"]
[EventRounds "11"]
[EventCountry "USA"]
[SourceTitle "CBM 221 Extra"]
[Source "ChessBase"]
[SourceDate "2024.09.30"]
[SourceVersion "1"]
[SourceVersionDate "2024.09.30"]
[SourceQuality "1"]

1. Nf3 Nf6 2. d4 c5 3. c3 g6 4. g3 Bg7 5. Bg2 0-0 6. 0-0 cxd4 7. cxd4 d6 8. Nc3 a6 9. Bg5 Nc6 10. Qd2 Bg4 11. Rfd1 Rc8 12. Rac1 Qa5 13. Bh6 Bxh6 14. Qxh6 Bxf3 15. Bxf3 Qb4 16. Qe3 Rfe8 17. Qd2 Kg7 18. h4 h5 19. e3 Na5 20. a3 Qb3 21. Rc2 Nc4 22. Qc1 e6 23. d5 Ne5 24. Bg2 exd5 25. Qd2 Rc5 26. Rdc1 Rec8 27. Qd4 Kg8 28. Qf4 Kg7 29. Rd2 Rc4 30. Rd4 Rxd4 31. exd4 Nc4 32. Nxd5 Nxd5 33. Bxd5 Rc7 34. Bxc4 Rxc4 35. Rxc4 Qxc4 36. Qxd6 Qc1+ 37. Kg2 Qxb2 38. Qe5+ Kg8 39. Qe8+ Kg7 40. Qe5+ Kg8 41. Qe8+ Kg7 42. Qd7 Qxa3 43. Qxb7 1-0

[Event "Speed Chess (Women) Play In 3"]
[Site "Chess.com INT"]
[Date "2024.08.15"]
[Round "9"]
[White "Balabayeva, Kseniya"]
[Black "Cori Tello, Deysi Estella"]
[Result "0-1"]
[WhiteElo "2335"]
[BlackElo "2367"]
[PlyCount "88"]
[EventDate "2024.08.15"]
[EventType "swiss (blitz)"]
[EventRounds "11"]
[EventCountry "USA"]
[SourceTitle "CBM 221 Extra"]
[Source "ChessBase"]
[SourceDate "2024.09.30"]
[SourceVersion "1"]
[SourceVersionDate "2024.09.30"]
[SourceQuality "1"]

1. e4 g6 2. d4 Bg7 3. Nc3 d6 4. g3 a6 5. a4 Nc6 6. Be3 e5 7. dxe5 Nxe5 8. Be2 h5 9. h3 Ne7 10. f4 N5c6 11. Qd2 Be6 12. Nf3 d5 13. e5 Nf5 14. Bf2 d4 15. Ne4 Bd5 16. Bd3 Qe7 17. Rg1 0-0-0 18. 0-0-0 Qb4 19. Qxb4 Nxb4 20. Nxd4 Nxd3+ 21. cxd3 Nxd4 22. Bxd4 Bb3 23. Bc3 Bxd1 24. Rxd1 h4 25. g4 Bh6 26. Rf1 Rhe8 27. Kc2 Re6 28. d4 Rc6 29. Kd3 b5 30. axb5 axb5 31. f5 Kb7 32. fxg6 fxg6 33. b4 Bf8 34. Nc5+ Bxc5 35. bxc5 Rxc5 36. Rf7 Rxe5 37. Rf6 g5 38. Rg6 Red5 39. Ke4 b4 40. Bb2 c6 41. Rf6 Re8+ 42. Kd3 Re1 43. Kc4 Re2 44. Bc1 Rc2+ 0-1